[Event "16. Torneo San Viator - Grupo B"]
[Site "Madrid ESP"]
[Date "2016.05.15"]
[Round "6.11"]
[White "Franco Rincon, David"]
[Black "Garcia Rojas, Juan Carlos"]
[Result "1-0"]
[WhiteElo "1721"]
[BlackElo "1521"]
[PlyCount "120"]
[EventDate "2016.04.03"]
[EventType "swiss"]
[EventRounds "9"]
[EventCountry "ESP"]
[Source "lmi"]
[SourceDate "2016.04.03"]

1. e4 c5 2. Nc3 e6 3. d3 Nc6 4. f4 Be7 5. Nf3 d6 6. Bd2 a6 7. g3 Qc7 8. Bg2 b5
9. O-O Nf6 10. a3 O-O 11. Ne2 Rb8 12. c3 e5 13. f5 d5 14. Qc2 Bb7 15. Ng5 Qd7
16. exd5 Nxd5 17. Ne4 Nf6 18. Be3 Nxe4 19. dxe4 c4 20. Rad1 Qc7 21. Kh1 Na5 22.
Nc1 Bc6 23. Qf2 Nb7 24. Rfe1 Rbd8 25. Bb6 Bc5 26. Bxc5 Nxc5 27. Qxc5 Rxd1 28.
Rxd1 Rd8 29. Qg1 Rc8 30. Qe3 f6 31. Ne2 Rd8 32. Rd2 Rd6 33. h3 Qd7 34. Rxd6
Qxd6 35. Ng1 Qd7 36. g4 h6 37. Nf3 Kh7 38. Qd2 Qb7 39. Qe2 Qd7 40. Nh4 Qd3 41.
Qxd3 cxd3 42. Nf3 Bxe4 43. Nd2 Bxg2+ 44. Kxg2 g5 45. Kf2 Kg7 46. Ke3 Kf7 47.
Kxd3 Ke7 48. Ke4 Kd6 49. Nb3 Kc6 50. Nc1 Kc5 51. b3 a5 52. Nd3+ Kd6 53. b4 a4
54. Nc5 Kc6 55. Ne6 Kd6 56. Nd8 Kd7 57. Nf7 Ke7 58. Nxe5 fxe5 59. Kxe5 Kf7 60.
Kd6 Kf6 1-0

[Event "16. Torneo San Viator - Grupo B"]
[Site "Madrid ESP"]
[Date "2016.05.15"]
[Round "6.12"]
[White "Chislia, Mihai"]
[Black "Cortijo Manso, Luis"]
[Result "1-0"]
[WhiteElo "1683"]
[BlackElo "1504"]
[PlyCount "129"]
[EventDate "2016.04.03"]
[EventType "swiss"]
[EventRounds "9"]
[EventCountry "ESP"]
[Source "lmi"]
[SourceDate "2016.04.03"]

1. d4 Nf6 2. e3 d5 3. Bd3 c6 4. Nd2 e6 5. f4 Be7 6. Ngf3 b6 7. Ne5 Qc7 8. O-O
Ba6 9. Qe2 Bxd3 10. Qxd3 O-O 11. g4 Nbd7 12. g5 Nxe5 13. dxe5 Nd7 14. Rf3 Rfd8
15. Rh3 Nf8 16. Nf3 Qd7 17. Kh1 c5 18. c3 a6 19. Bd2 Qb5 20. Qc2 Rac8 21. b3
Qc6 22. Kg1 b5 23. Be1 a5 24. a3 Qb6 25. Bf2 b4 26. axb4 axb4 27. c4 Ra8 28.
Rb1 Ra6 29. cxd5 exd5 30. f5 Rda8 31. f6 Bd8 32. fxg7 Ng6 33. Kg2 Qb5 34. Qf5
Qc6 35. Qg4 Kxg7 36. Rh6 Bc7 37. Nh4 Qe8 38. Nf5+ Kh8 39. Qh5 Nf8 40. Rd1 Rxh6
41. Qxh6 Qxe5 42. Qh3 Qe4+ 43. Kg1 Ra6 44. Nh6 Qg6 45. Bg3 Bxg3 46. hxg3 Ra8
47. Rf1 Ra7 48. Qc8 Kg7 49. Qxc5 Rd7 50. Nf5+ Kg8 51. Ne7+ Rxe7 52. Qxe7 Ne6
53. Qf6 Nxg5 54. Qxg6+ hxg6 55. Rd1 Ne4 56. Kg2 Nc5 57. Rxd5 Nxb3 58. Rb5 Nc1
59. Rxb4 Nd3 60. Rb5 Kg7 61. Kf3 f6 62. g4 g5 63. Ke4 Ne5 64. Rxe5 fxe5 65.
Kxe5 1-0

[Event "16. Torneo San Viator - Grupo B"]
[Site "Madrid ESP"]
[Date "2016.05.15"]
[Round "6.13"]
[White "Gutierrez Garcia, Alberto"]
[Black "Del Noval Perez, Jeronimo"]
[Result "1-0"]
[WhiteElo "1675"]
[BlackElo "1446"]
[PlyCount "39"]
[EventDate "2016.04.03"]
[EventType "swiss"]
[EventRounds "9"]
[EventCountry "ESP"]
[Source "lmi"]
[SourceDate "2016.04.03"]

1. c4 c5 2. Nc3 Nc6 3. Nf3 Nf6 4. g3 e6 5. Bg2 d5 6. cxd5 exd5 7. d4 b6 8. Bg5
Be7 9. O-O O-O 10. Rc1 h6 11. Bxf6 Bxf6 12. dxc5 bxc5 13. Nxd5 Bxb2 14. Rxc5
Ne7 15. Rb5 Ba3 16. Ne5 Ba6 17. Nxe7+ Qxe7 18. Ra5 Rac8 19. Rxa6 Rfd8 20. Qb3
1-0

[Event "16. Torneo San Viator - Grupo B"]
[Site "Madrid ESP"]
[Date "2016.05.15"]
[Round "6.15"]
[White "Tudela Garcia, Antonio"]
[Black "Giron Herranz, Juan"]
[Result "1-0"]
[WhiteElo "1616"]
[BlackElo "1163"]
[PlyCount "47"]
[EventDate "2016.04.03"]
[EventType "swiss"]
[EventRounds "9"]
[EventCountry "ESP"]
[Source "lmi"]
[SourceDate "2016.04.03"]

1. e4 c5 2. Nc3 Nc6 3. f4 e6 4. Nf3 d5 5. Bb5 Nge7 6. O-O g6 7. e5 Bg7 8. d4
cxd4 9. Nxd4 Bd7 10. Kh1 O-O 11. Nxc6 Nxc6 12. Be3 f6 13. Bc5 Ne7 14. Bxd7 Qxd7
15. Bd6 fxe5 16. fxe5 Rf5 17. Qe2 Nc6 18. Rxf5 exf5 19. Nxd5 Bxe5 20. Bxe5 Qxd5
21. Bc3 Rd8 22. Re1 Qxa2 23. b3 Rf8 24. Ra1 1-0

[Event "16. Torneo San Viator - Grupo B"]
[Site "Madrid ESP"]
[Date "2016.05.15"]
[Round "6.16"]
[White "Caravantes Camacho, Fernando"]
[Black "Di Pietro Moreno, Fatima"]
[Result "1-0"]
[WhiteElo "1621"]
[BlackElo "1403"]
[PlyCount "57"]
[EventDate "2016.04.03"]
[EventType "swiss"]
[EventRounds "9"]
[EventCountry "ESP"]
[Source "lmi"]
[SourceDate "2016.04.03"]

1. e4 e6 2. d4 d5 3. e5 c5 4. c3 Qb6 5. Nf3 Nc6 6. a3 Nh6 7. b4 cxd4 8. cxd4
Nf5 9. Be3 Nxe3 10. fxe3 Bd7 11. Bd3 Rc8 12. O-O Be7 13. Nbd2 O-O 14. Qe2 f6
15. b5 Na5 16. a4 Rc3 17. Rfc1 Rfc8 18. Rxc3 Rxc3 19. exf6 Bxf6 20. Ne5 Bxe5
21. dxe5 Qc7 22. Bxh7+ Kxh7 23. Qh5+ Kg8 24. Rf1 Bc8 25. Qe8+ Kh7 26. Rf8 Rc1+
27. Kf2 Kh6 28. Rh8+ Kg5 29. Qh5# 1-0

[Event "16. Torneo San Viator - Grupo B"]
[Site "Madrid ESP"]
[Date "2016.05.15"]
[Round "6.17"]
[White "Rojo Jorge, Angel"]
[Black "Lopez Mijail, Nicolas"]
[Result "0-1"]
[WhiteElo "1439"]
[BlackElo "1675"]
[PlyCount "107"]
[EventDate "2016.04.03"]
[EventType "swiss"]
[EventRounds "9"]
[EventCountry "ESP"]
[Source "lmi"]
[SourceDate "2016.04.03"]

1. Nf3 d5 2. c4 d4 3. g3 c5 4. Bg2 Nc6 5. d3 e5 6. O-O Nf6 7. Re1 Be7 8. e3 O-O
9. exd4 exd4 10. Bf4 Bd6 11. Ne5 Nxe5 12. Bxe5 Bxe5 13. Rxe5 Qc7 14. Qe1 Be6
15. Nd2 Nd7 16. Re2 Rab8 17. Nf3 a6 18. Ng5 Bg4 19. Re7 Qd6 20. Bd5 Bh5 21. g4
Bg6 22. h4 Nf6 23. Qe5 Qxe5 24. Rxe5 Nxd5 25. Rxd5 Bxd3 26. Rxc5 Rfc8 27. b4
Rxc5 28. bxc5 Bxc4 29. a3 d3 30. Rc1 d2 31. Rd1 Rd8 32. Ne4 Be2 33. Rxd2 Rxd2
34. Nxd2 Bxg4 35. Kg2 Kf8 36. Nc4 Be6 37. Nd6 Ke7 38. Kg3 b6 39. Ne4 b5 40. Kf4
Kd7 41. Ke5 Kc6 42. Kd4 a5 43. Ng5 h6 44. Nxe6 fxe6 45. f4 b4 46. axb4 axb4 47.
Kc4 b3 48. Kxb3 Kxc5 49. Kc3 Kd5 50. Kd3 e5 51. fxe5 Kxe5 52. Ke3 Kf5 53. h5
Kg5 54. Ke4 0-1

[Event "16. Torneo San Viator - Grupo B"]
[Site "Madrid ESP"]
[Date "2016.05.15"]
[Round "6.18"]
[White "Rivera Rodriguez, Luis Fernando"]
[Black "Benitez Cadenas, Luis Miguel"]
[Result "0-1"]
[WhiteElo "1329"]
[BlackElo "1663"]
[PlyCount "120"]
[EventDate "2016.04.03"]
[EventType "swiss"]
[EventRounds "9"]
[EventCountry "ESP"]
[Source "lmi"]
[SourceDate "2016.04.03"]

1. e4 e6 2. d4 d5 3. e5 c5 4. c3 Nc6 5. Nf3 Qb6 6. Be2 Nh6 7. O-O Nf5 8. Be3
Qxb2 9. Qd2 Qxd2 10. Nbxd2 cxd4 11. Nxd4 Nxe3 12. fxe3 Nxe5 13. Rab1 Rb8 14.
Nb5 Bc5 15. Nc7+ Kd8 16. Na6 Bxe3+ 17. Kh1 Ra8 18. Nf3 Nxf3 19. Rxf3 Bb6 20.
Nb4 Rf8 21. Rbf1 f6 22. Bd3 h6 23. g3 Rf7 24. Bg6 Re7 25. Bh5 Bd7 26. Nd3 Rc8
27. Nb4 Ba4 28. a3 a5 29. Na2 Bc7 30. Re3 Bd6 31. Rfe1 Kd7 32. Bg4 f5 33. Bh3
g6 34. g4 Rc4 35. gxf5 gxf5 36. Rb1 Bc6 37. Bg2 Bxa3 38. Rb3 Bc5 39. Re1 Ra4
40. Re2 Ra3 41. Rxa3 Bxa3 42. Rd2 Bb5 43. h4 Bc4 44. Bf3 Rg7 45. Kh2 Bd6+ 46.
Kh1 Rg3 47. Bg2 b6 48. Rc2 Bxa2 49. Rxa2 Rxc3 50. Kg1 Rc4 51. h5 Bc5+ 52. Kh2
Rh4+ 53. Kg3 Rxh5 54. Bf3 Bd6+ 55. Kf2 Rh2+ 56. Bg2 e5 57. Rb2 e4 58. Rxb6 Bc5+
59. Kg3 Rxg2+ 60. Kxg2 Bxb6 0-1

[Event "16. Torneo San Viator - Grupo B"]
[Site "Madrid ESP"]
[Date "2016.05.15"]
[Round "6.19"]
[White "Fernandez Garcia, Emilio"]
[Black "Perez Perez, Marta"]
[Result "1-0"]
[WhiteElo "1624"]
[BlackElo "1388"]
[PlyCount "63"]
[EventDate "2016.04.03"]
[EventType "swiss"]
[EventRounds "9"]
[EventCountry "ESP"]
[Source "lmi"]
[SourceDate "2016.04.03"]

1. Nf3 d5 2. d4 Nf6 3. c4 dxc4 4. e3 e6 5. Bxc4 c5 6. O-O Nc6 7. Nc3 Bd6 8. Qe2
O-O 9. Rd1 cxd4 10. Nxd4 Nxd4 11. Rxd4 a6 12. Qd3 Ne8 13. Ne4 e5 14. Rxd6 Nxd6
15. Qxd6 Qxd6 16. Nxd6 g6 17. b3 Kg7 18. Ba3 f6 19. Bd5 Rb8 20. Rc1 Rd8 21. e4
b5 22. Rc7+ Rd7 23. Rxc8 Rxc8 24. Nxc8 Rc7 25. Nd6 Kh6 26. g4 Rc2 27. Ne8 Rxa2
28. Be7 Kg5 29. h3 a5 30. Bxf6+ Kf4 31. Kg2 Rc2 32. Ng7 1-0

[Event "16. Torneo San Viator - Grupo B"]
[Site "Madrid ESP"]
[Date "2016.05.15"]
[Round "6.21"]
[White "Perez Carballeira, Francisco"]
[Black "Fernandez Munoz, Jesus Norberto"]
[Result "0-1"]
[WhiteElo "1509"]
[BlackElo "1399"]
[PlyCount "98"]
[EventDate "2016.04.03"]
[EventType "swiss"]
[EventRounds "9"]
[EventCountry "ESP"]
[Source "lmi"]
[SourceDate "2016.04.03"]

1. d4 d5 2. c4 Nf6 3. Nc3 e6 4. Bg5 Nc6 5. cxd5 exd5 6. e3 a6 7. Bd3 Bb4 8.
Nge2 Bg4 9. f3 Bd7 10. O-O Be7 11. Bxf6 Bxf6 12. Nxd5 O-O 13. Nxf6+ Qxf6 14.
Bc2 Nb4 15. a3 Nxc2 16. Qxc2 Rac8 17. e4 Qg5 18. f4 Qh6 19. Ng3 Qb6 20. Qf2
Rcd8 21. d5 Qxf2+ 22. Rxf2 Rfe8 23. Rc1 c6 24. d6 Rf8 25. f5 f6 26. Nh5 Rfe8
27. Rf4 Rf8 28. Rc3 Be8 29. Rd3 Bxh5 30. g4 g5 31. fxg6 Bxg6 32. Rd2 Kg7 33.
Kf2 Rfe8 34. Kf3 Re6 35. h4 Rexd6 36. Rxd6 Rxd6 37. Ke3 h6 38. h5 Bf7 39. Rf2
Be6 40. Kf4 c5 41. Rc2 c4 42. Rg2 a5 43. Ke3 a4 44. e5 Rd3+ 45. Ke2 fxe5 46. g5
Rd6 47. Ke3 Bf7 48. Ke4 Bd5+ 49. Kxe5 Bxg2 0-1

[Event "16. Torneo San Viator - Grupo B"]
[Site "Madrid ESP"]
[Date "2016.05.15"]
[Round "6.24"]
[White "Martinez Pintor, Juan"]
[Black "Jimenez Perez, Federico"]
[Result "1-0"]
[WhiteElo "1660"]
[BlackElo "1358"]
[PlyCount "67"]
[EventDate "2016.04.03"]
[EventType "swiss"]
[EventRounds "9"]
[EventCountry "ESP"]
[Source "lmi"]
[SourceDate "2016.04.03"]

1. d4 Nf6 2. Nf3 d6 3. e3 g6 4. Bd3 Bg7 5. Nbd2 O-O 6. O-O Bg4 7. c3 e5 8. Qc2
Re8 9. Ng5 e4 10. Ndxe4 Nxe4 11. Nxe4 Bf5 12. Ng3 Bxd3 13. Qxd3 Nd7 14. e4 c5
15. f4 Qb6 16. Be3 Rad8 17. Rab1 Qc6 18. f5 Nf6 19. Bg5 h6 20. Bxf6 Bxf6 21.
fxg6 c4 22. gxf7+ Kxf7 23. Qf3 Re6 24. d5 Qc5+ 25. Kh1 Rf8 26. dxe6+ Kxe6 27.
Qg4+ Ke7 28. Nf5+ Ke8 29. Rbd1 Be5 30. Ng7+ Bxg7 31. Qxg7 Rxf1+ 32. Rxf1 d5 33.
exd5 Qxd5 34. Rf8# 1-0

[Event "16. Torneo San Viator - Grupo B"]
[Site "Madrid ESP"]
[Date "2016.05.15"]
[Round "6.25"]
[White "Algaba Traspuesto, Jose Antonio"]
[Black "Aranda Alcocer, Aurelio"]
[Result "1-0"]
[WhiteElo "1633"]
[BlackElo "1375"]
[PlyCount "67"]
[EventDate "2016.04.03"]
[EventType "swiss"]
[EventRounds "9"]
[EventCountry "ESP"]
[Source "lmi"]
[SourceDate "2016.04.03"]

1. d4 Nf6 2. Nf3 g6 3. Nc3 Bg7 4. e4 d6 5. Be3 O-O 6. h3 Nbd7 7. Qd2 e5 8.
O-O-O Re8 9. dxe5 Nxe5 10. Nxe5 Rxe5 11. f3 a6 12. Bf4 Re7 13. e5 Ne8 14. Bg5
f6 15. Bc4+ Be6 16. exf6 Bxf6 17. Nd5 Bxg5 18. Qxg5 Rf7 19. Qe3 Qd7 20. Nb6
cxb6 21. Qxe6 Kg7 22. Qxf7+ Qxf7 23. Bxf7 Kxf7 24. Rhe1 Rd8 25. Re3 Nf6 26.
Red3 Ne8 27. Rb3 b5 28. a4 Nc7 29. axb5 Rd7 30. bxa6 Nxa6 31. Rbd3 Ke7 32. Re3+
Kf6 33. c3 Nc5 34. Kc2 1-0

[Event "16. Torneo San Viator - Grupo B"]
[Site "Madrid ESP"]
[Date "2016.05.15"]
[Round "6.26"]
[White "Del Noval Nemeshazi, Mario"]
[Black "Martinez Pascual, Gonzalo"]
[Result "0-1"]
[WhiteElo "1307"]
[BlackElo "1546"]
[PlyCount "80"]
[EventDate "2016.04.03"]
[EventType "swiss"]
[EventRounds "9"]
[EventCountry "ESP"]
[Source "lmi"]
[SourceDate "2016.04.03"]

1. e4 c6 2. d4 d5 3. exd5 cxd5 4. Nf3 Nf6 5. Nc3 Bg4 6. Be2 e6 7. O-O Bd6 8.
Bg5 Nbd7 9. Re1 O-O 10. h3 Bh5 11. Bd3 h6 12. Bh4 Qc7 13. Nb5 Qb8 14. Nxd6 Qxd6
15. Bg3 Qb6 16. b3 Bxf3 17. gxf3 Rfe8 18. Rc1 Rac8 19. c4 Nb8 20. cxd5 Nxd5 21.
Rxc8 Rxc8 22. Re2 Nc3 23. Qd2 Nxe2+ 24. Qxe2 Qxd4 25. Be5 Qh4 26. Qb2 f6 27.
Bc4 Qxh3 28. Bxb8 Rxb8 29. Qd4 b6 30. Qd6 Re8 31. Qd7 Kf8 32. Qxa7 Qxf3 33.
Qxb6 Qg4+ 34. Kh1 h5 35. Qd6+ Kf7 36. Bd3 h4 37. Bh7 h3 38. Qd7+ Re7 39. Qc6 g6
40. Qa8 Qg2+ 0-1

[Event "16. Torneo San Viator - Grupo B"]
[Site "Madrid ESP"]
[Date "2016.05.15"]
[Round "6.27"]
[White "Laray Fernandez, Juan"]
[Black "Martin Rodriguez, Jose Luis"]
[Result "1-0"]
[WhiteElo "1498"]
[BlackElo "1353"]
[PlyCount "49"]
[EventDate "2016.04.03"]
[EventType "swiss"]
[EventRounds "9"]
[EventCountry "ESP"]
[Source "lmi"]
[SourceDate "2016.04.03"]

1. e4 c5 2. Nf3 e6 3. d4 cxd4 4. Nxd4 a6 5. Bd3 Qc7 6. O-O Nf6 7. f4 b5 8. Kh1
Bb7 9. Nd2 Bc5 10. c3 Nc6 11. Nxc6 Bxc6 12. e5 Qb7 13. Qe2 Nd5 14. Ne4 Be7 15.
f5 O-O-O 16. f6 gxf6 17. exf6 Nxf6 18. Rxf6 Bf8 19. Rxf7 Qb8 20. Bf4 e5 21. Bg3
Bh6 22. Nc5 Qa8 23. Be4 Bg5 24. Bxc6 dxc6 25. Qxe5 1-0

[Event "16. Torneo San Viator - Grupo B"]
[Site "Madrid ESP"]
[Date "2016.05.15"]
[Round "6.28"]
[White "Mora Gonzalez-Rojas, Francisco"]
[Black "Gallego Romero, Manuel"]
[Result "0-1"]
[WhiteElo "1253"]
[BlackElo "1439"]
[PlyCount "148"]
[EventDate "2016.04.03"]
[EventType "swiss"]
[EventRounds "9"]
[EventCountry "ESP"]
[Source "lmi"]
[SourceDate "2016.04.03"]

1. e4 e5 2. Nf3 Nc6 3. Bc4 d6 4. h3 h6 5. O-O Nf6 6. d3 Na5 7. Bb5+ c6 8. Ba4
b5 9. Bb3 Nxb3 10. axb3 b4 11. Be3 a5 12. Nbd2 Be7 13. Nc4 c5 14. Qe2 O-O 15.
Rfd1 Be6 16. Kf1 Qc7 17. Bd2 Bxc4 18. bxc4 Nd7 19. b3 f5 20. Nh2 f4 21. f3 Nb8
22. Be1 Nc6 23. Bf2 Qd8 24. Qe1 Qe8 25. Bh4 g5 26. Bf2 Qg6 27. Rd2 Nb8 28. Bg1
Nd7 29. Bf2 Nf6 30. Ng4 Nd7 31. h4 Qh5 32. hxg5 Bxg5 33. Ke2 Qg6 34. Bh4 h5 35.
Bxg5 Qxg5 36. Nf2 Qxg2 37. Qg1 Qxg1 38. Rxg1+ Kh7 39. Rh1 Nf6 40. Ng4 Kg6 41.
Nxf6 Rxf6 42. Rdd1 Kh6 43. Rdg1 Rg6 44. Rxg6+ Kxg6 45. Rg1+ Kf6 46. Kd2 Rh8 47.
Ke2 h4 48. Kf2 Rh5 49. Kg2 Rg5+ 50. Kh2 Kg6 51. Rg2 Kh5 52. Kh3 Rg3+ 53. Rxg3
hxg3 54. Kg2 Kh4 55. Kg1 Kh3 56. Kh1 Kh4 57. Kg2 Kg5 58. Kh3 Kf6 59. Kg2 Ke6
60. Kg1 Kd7 61. Kg2 Kc6 62. Kg1 Kb6 63. Kg2 a4 64. bxa4 Ka5 65. Kg1 Kxa4 66.
Kg2 Ka3 67. Kg1 Kb2 68. Kf1 Kxc2 69. Ke2 b3 70. Ke1 b2 71. Ke2 Kb3 72. Kd2 b1=Q
73. Ke2 Qc2+ 74. Kf1 Qf2# 0-1

[Event "16. Torneo San Viator - Grupo B"]
[Site "Madrid ESP"]
[Date "2016.05.15"]
[Round "6.29"]
[White "Garcia Chica, Eva Maria"]
[Black "Diaz Del Prado, Carlos"]
[Result "0-1"]
[WhiteElo "1418"]
[BlackElo "1314"]
[PlyCount "78"]
[EventDate "2016.04.03"]
[EventType "swiss"]
[EventRounds "9"]
[EventCountry "ESP"]
[Source "lmi"]
[SourceDate "2016.04.03"]

1. e4 d6 2. d4 Nf6 3. f3 g6 4. c4 Bg7 5. Nc3 Nbd7 6. Be3 O-O 7. Qd2 e5 8. d5 a5
9. g4 Nc5 10. h4 c6 11. Bg5 cxd5 12. cxd5 Qc7 13. Bc4 Bd7 14. Nge2 Rab8 15. Bb5
Qb6 16. Bxd7 Nfxd7 17. Be3 Qd8 18. Nb5 Nf6 19. Bg5 Qd7 20. Qxa5 Nd3+ 21. Kd2
Nxb2 22. Qb4 h6 23. Be3 Rfc8 24. Qxb2 Rc4 25. Rac1 Rbc8 26. Rc3 Nxd5 27. Rxc4
Nxe3 28. Kxe3 Rxc4 29. Rc1 Rxc1 30. Nxc1 d5 31. exd5 Qxd5 32. Nd3 e4 33. Nb4
Qxb5 34. Qd2 exf3 35. Kxf3 Qf1+ 36. Qf2 Qd1+ 37. Qe2 Qh1+ 38. Kg3 Bd4 39. Qe8+
Kg7 0-1